[Event "Baden-ch Seniors"]
[Site "Badenweiler"]
[Date "2009.06.04"]
[Round "3"]
[White "Buerger, Rudolph"]
[Black "Papa, Heiner"]
[Result "0-1"]
[WhiteElo "1766"]
[BlackElo "1954"]
[PlyCount "74"]
[EventDate "2009.06.01"]
[EventType "swiss"]
[EventRounds "9"]
[EventCountry "GER"]
[SourceTitle "EXT 2010"]
[Source "ChessBase"]
[SourceDate "2010.11.25"]
[SourceVersion "1"]
[SourceVersionDate "2010.11.25"]
[SourceQuality "1"]

1. c4 Nf6 2. Nf3 e6 3. b3 b6 4. g3 Bb7 5. Bg2 d5 6. 0-0 Bd6 7. Bb2 Nbd7 8. cxd5 exd5 9. Nc3 0-0 10. Rc1 c5 11. d4 Re8 12. Nb5 Bf8 13. Re1 a6 14. Nc3 Rc8 15. e3 Rc7 16. Na4 c4 17. Ne5 b5 18. Nc5 Nxc5 19. dxc5 Bxc5 20. bxc4 dxc4 21. Bxb7 Rxb7 22. Qf3 Qd5 23. e4 Qe6 24. Red1 Rc7 25. Qf5 Qxf5 26. exf5 Ne4 27. Rc2 f6 28. Ng4 h5 29. Ne3 Nxf2 30. Kxf2 Rxe3 31. Kg2 Rce7 32. Kh3 Re2 33. Rdd2 Rxd2 34. Rxd2 b4 35. Rd5 c3 36. Bc1 Be3 37. Bxe3 Rxe3 0-1

[Event "Kaiserbrunnen Seniors op 2nd "]
[Site "Brakel"]
[Date "2004.02.27"]
[Round "8"]
[White "Buerger, Rudolph"]
[Black "Vossen, Leo"]
[Result "1-0"]
[WhiteElo "1794"]
[BlackElo "1846"]
[PlyCount "61"]
[EventDate "2004.02.20"]
[EventType "swiss"]
[EventRounds "9"]
[EventCountry "GER"]
[SourceTitle "EXT 2006"]
[Source "ChessBase"]
[SourceDate "2005.11.24"]
[SourceVersion "1"]
[SourceVersionDate "2005.11.24"]
[SourceQuality "1"]

1. c4 Nf6 2. Nf3 c6 3. b3 d5 4. e3 Bf5 5. Bb2 e6 6. Be2 Bd6 7. Nh4 Bg6 8. 0-0 Ne4 9. g3 0-0 10. d3 Nf6 11. Nd2 Nbd7 12. cxd5 exd5 13. e4 Bb4 14. Nxg6 hxg6 15. e5 Ne8 16. Nf3 Nc7 17. Rc1 Ne6 18. a3 Be7 19. b4 f5 20. exf6 Bxf6 21. d4 a6 22. Bd3 Qe8 23. Re1 Qf7 24. Rc2 Bd8 25. Kg2 g5 26. Qe2 Re8 27. Qd1 Bc7 28. Rce2 g6 29. Qc2 Kg7 30. Rxe6 Rxe6 31. Nxg5 1-0

[Event "Kaiserbrunnen Seniors op 2nd "]
[Site "Brakel"]
[Date "2004.02.21"]
[Round "2"]
[White "Reimann, Guenther"]
[Black "Buerger, Rudolph"]
[Result "0-1"]
[WhiteElo "2050"]
[BlackElo "1794"]
[PlyCount "71"]
[EventDate "2004.02.20"]
[EventType "swiss"]
[EventRounds "9"]
[EventCountry "GER"]
[SourceTitle "EXT 2006"]
[Source "ChessBase"]
[SourceDate "2005.11.24"]
[SourceVersion "1"]
[SourceVersionDate "2005.11.24"]
[SourceQuality "1"]

1. c4 Nf6 2. d4 d5 3. Nf3 g6 4. Nc3 Bg7 5. e3 0-0 6. cxd5 Nxd5 7. Qb3 c6 8. Be2 b6 9. 0-0 Bb7 10. Re1 Nd7 11. Bc4 Nxc3 12. bxc3 e5 13. Ba3 c5 14. e4 exd4 15. cxd4 Qc7 16. Rad1 Nf6 17. d5 Ng4 18. Bb2 Ne5 19. Nxe5 Bxe5 20. d6 Bxd6 21. Qc3 Bxh2+ 22. Kh1 Qe5 23. Qxe5 Bxe5 24. Bxe5 Rae8 25. Bd6 Rxe4 26. Rxe4 Bxe4 27. Bxf8 Kxf8 28. Rd7 Bc6 29. Rxf7+ Ke8 30. Rxa7 b5 31. Bg8 c4 32. a3 Kd8 33. Rxh7 c3 34. Rh3 c2 35. Rc3 Be4 36. Bb3 0-1

[Event "Wuerttemberg-ch Seniors 09th"]
[Site "Ellwangen"]
[Date "1997.??.??"]
[Round "2"]
[White "Neumann, Erwin"]
[Black "Buerger, Rudolph"]
[Result "1/2-1/2"]
[WhiteElo "1914"]
[BlackElo "1553"]
[PlyCount "50"]
[EventDate "1997.03.21"]
[EventType "swiss"]
[EventRounds "9"]
[EventCountry "GER"]
[SourceTitle "EXT 2006"]
[Source "ChessBase"]
[SourceDate "2005.11.24"]
[SourceVersion "1"]
[SourceVersionDate "2005.11.24"]
[SourceQuality "1"]

1. e4 c5 2. Nf3 e6 3. c3 d5 4. e5 Nc6 5. d4 cxd4 6. cxd4 Qc7 7. Nc3 a6 8. a3 g6 9. Bd3 f6 10. Qe2 Bg7 11. 0-0 fxe5 12. dxe5 Nge7 13. Re1 0-0 14. Bd2 Nf5 15. Rac1 Qd7 16. Qd1 b5 17. Na2 Ncd4 18. Nxd4 Nxd4 19. Bb4 Rf4 20. Bc5 Nc6 21. g3 Rf7 22. f4 Bh6 23. Nc3 Qd8 24. Rc2 b4 25. axb4 Nxb4 1/2-1/2

[Event "Wuerttemberg-ch Seniors 07th"]
[Site "Ellwangen"]
[Date "1995.??.??"]
[Round "2"]
[White "Buerger, Rudolph"]
[Black "Hoefer, Hans Otto"]
[Result "1/2-1/2"]
[WhiteElo "1545"]
[BlackElo "2175"]
[PlyCount "31"]
[EventDate "1995.04.07"]
[EventType "swiss"]
[EventRounds "9"]
[EventCountry "GER"]
[SourceTitle "EXT 2006"]
[Source "ChessBase"]
[SourceDate "2005.11.24"]
[SourceVersion "1"]
[SourceVersionDate "2005.11.24"]
[SourceQuality "1"]

1. c4 Nf6 2. d4 g6 3. Nc3 d5 4. Bg5 c6 5. cxd5 Nxd5 6. e4 Nxc3 7. bxc3 Bg7 8. Bc4 Qa5 9. Bd2 0-0 10. Ne2 Nd7 11. 0-0 Nf6 12. f3 Bd7 13. Bb3 Rad8 14. c4 Qc7 15. Bf4 Qc8 16. Be3 1/2-1/2